Online Catalogue and eLibrary

Embodiment: (Record no. 2477)

MARC details
000 -LEADER
fixed length control field 00483nam a2200193Ia 4500
005 - DATE AND TIME OF LATEST TRANSACTION
control field 20250122052252.0
008 - FIXED-LENGTH DATA ELEMENTS--GENERAL INFORMATION
fixed length control field 240331s9999 xx 000 0 und d
020 ## - INTERNATIONAL STANDARD BOOK NUMBER
ISBN 0195641795
082 ## - DDC Classification
Item Number - Author Mark THA
DDC Edition Number 6000
Class No. 305.4
245 #0 - TITLE STATEMENT
Title Embodiment:
Remainder of title Essays on Gender and Identity
260 ## - PUBLICATION, DISTRIBUTION, ETC.
Place of publication, distribution, etc. Oxford
Name of publisher, distributor, etc. Oxford University Press
Date of publication, distribution, etc. 1997
300 ## - PHYSICAL DESCRIPTION
Extent (e.g. Volumes, Pages etc.) xiii, 340 p.,
650 ## - SUBJECT ADDED ENTRY--TOPICAL TERM
Topical term or geographic name entry element Gender
650 ## - SUBJECT ADDED ENTRY--TOPICAL TERM
Topical term or geographic name entry element Identity
650 ## - SUBJECT ADDED ENTRY--TOPICAL TERM
Topical term or geographic name entry element Women
650 ## - SUBJECT ADDED ENTRY--TOPICAL TERM
Topical term or geographic name entry element Feminity
700 ## - ADDED ENTRY--PERSONAL NAME
Personal name Thapan, M
Relator term (Role) Editor
942 ## - Koha item type (Biblio)
Koha item type Books in Stacks (Lending)
Holdings
Lost status Damaged status Collection code Home library Current library Shelving location Date acquired Full call number Accession Number Item type
    Lending WERC Library WERC Library Social Science Cupboard 03/31/2024 305.4 EMB 6000 Books in Stacks (Lending)

© WERC Library